000 nam a22 7a 4500
999 _c7175
_d7175
008 170726b xxu||||| |||| 00| 0 eng d
100 _93751
_aPandey Vijay Kumar
245 _aUnderstandings information technology
260 _aNew Delhi
_bArya Publication
_c2017